El fenómeno inflacionario en América Latina y el Caribe /

Gespeichert in:
Bibliographische Detailangaben
1. Verfasser: Maza Zavala, D.F
Format: Text
Schlagworte:
Tags: Tag hinzufügen
Keine Tags, Fügen Sie den ersten Tag hinzu!

MARC

LEADER 00000 a a2200000 04500
001 41955
003
040
100 |a Maza Zavala, D.F  
245 |a El fenómeno inflacionario en América Latina y el Caribe /  |c D.F. Maza Zavala  
650 |a INFLACION  
650 |a AMERICA LATINA  
650 |a INDICADORES ECONOMICOS  
650 |a PRECIOS  
650 |a MERCADO  
650 |a PAISES EN DESARROLLO  
773 |g volumen14, número53 (1983), páginas 51-81  
999 |c 22950  |d 22950